| Tag |
First Indicator |
Second Indicator |
Subfields |
| LEADER |
00000cam a2200000 4500 |
| 001 |
in00000098318 |
| 005 |
20150925115517.0 |
| 008 |
730305s1963 eng u |
| 010 |
|
|
|a 63014274
|
| 035 |
|
|
|a (OCoLC)00568855
|
| 035 |
|
|
|9 AAL3255AM
|
| 040 |
|
|
|c WSU
|d TXA
|d UtOrBLW
|
| 049 |
|
|
|a TXAM
|c [357841]
|
| 090 |
|
|
|a TL788
|b .C3
|
| 100 |
1 |
|
|a Caidin, Martin,
|d 1927-1997.
|
| 245 |
1 |
4 |
|a The man-in-space dictionary, a modern glossary.
|
| 250 |
|
|
|a [1st ed.].
|
| 264 |
|
1 |
|a New York :
|b Dutton,
|c 1963.
|
| 300 |
|
|
|a 224 pages
|
| 336 |
|
|
|a text
|b txt
|2 rdacontent
|
| 337 |
|
|
|a unmediated
|b n
|2 rdamedia
|
| 338 |
|
|
|a volume
|b nc
|2 rdacarrier
|
| 650 |
|
0 |
|a Astronautics
|v Dictionaries.
|
| 999 |
|
|
|a MARS
|
| 999 |
f |
f |
|s 0f657c3a-7d11-3971-ade8-9cf2c76b7966
|i 86b955a1-b208-3dbb-b8ad-b7d6369b076c
|t 0
|
| 952 |
f |
f |
|p ric
|a Texas A&M University
|b Rellis Campus
|c Joint Library Facility
|d Remote Storage
|t 0
|e TL788 .C3
|h Library of Congress classification
|i unmediated -- volume
|m A14805554996
|
| 998 |
f |
f |
|a TL788 .C3
|t 0
|l Remote Storage
|